000 01054nam0a2200313 4500
001 RU\NLR\ONL2\19665
005 20250613131906.0
010 _a978-5-903622-11-5
_950000
035 _a(NLR Aleph) 009667250
090 _a9643292
_c9643292
100 _a20110207d2010 |||y0rusy50 ca
101 0 _abak
102 _aRU
105 _aa |||||||||
200 1 _aЭбйэлил
_eбашkорт халыk экиэте
_fМ. Бураkаева хикэйэлэуендэ
_gрэс. А. Хэбибова
210 _aӨфө
_cИнеш
_d2010
215 _a15,[1] б.
_cил.
_d24
225 1 _aДонъя эзэбиэте хазинаhы
_e1-се кл.
541 1 _aАбзелил
_eбашк. нар. сказка.
_zrus
686 1 _aШ9(2)3=Баш
702 1 _aБураkаева
_bМ.
_gМэрйэм
_4570
702 1 _aХэбибова
_bА.
_gАлевтина
_4440
801 0 _aRU
_bNLR
_c20110207
_gPSBO
852 _aNLR
_bОНЛ
_jБашк./3-5280
942 _cBOOK
980 _aNB
980 _aONL_RF